Statistieken voor Steden van Nederland Kaart-Quiz

Klik hier om de quiz te nemen!

Algemene statistieken

  • Deze quiz is 246 keer genomen
  • De gemiddelde score is 9 van 12

Antwoorden op de kaart

Antwoorden kleurgecodeerd door een groen-rode schaal op de quizkaart volgens % correct hieronder.
 

Antwoordstatistieken

Antwoord% Correct
Groningen
84%
Almere
81%
Amsterdam
81%
Utrecht
80%
Den Haag
74%
Eindhoven
74%
Heerlen
72%
Haarlem
68%
Rotterdam
68%
Tilburg
66%
Dordrecht
54%
Leiden
52%

Scoreverdeling

Percentiel versus Aantal Correcte Antwoorden

Procent van Mensen met Elke Score

Uw Scoregeschiedenis

U heeft deze quiz nog niet genomen